Novel food packaging techniques

Gespeichert in:
Bibliographische Detailangaben
1. Verfasser: Ahvenainen, Raija
Format: Buch
Sprache:Englisch
Veröffentlicht: Boca Raton CRC Press 2003
Schlagworte:
Online-Zugang:Im OPAC anzeigen
Tags: Tag hinzufügen
Keine Tags, Fügen Sie das erste Tag hinzu!

MARC

LEADER 00000nam a2200000 a 4500
005 20260127134131.0
008 060331 2003 xxu 000 0 eng d
020 |a 0849317894 
035 |a vtls008640983 
039 9 |y 200603311140  |z mschk03 
040 |a STUSCHK1  |b slo  |c STUSCHK1  |e AACR2 
080 |a 621.798 
100 1 |a Ahvenainen, Raija 
245 1 |a Novel food packaging techniques 
260 |a Boca Raton  |b CRC Press  |c 2003 
300 |a 590 p. 
650 0 |a food packaging 
910 |a SCHK95 
919 |a 0-8493-1789-4 
999 |c 4832  |d 4832